| 000 | 01264nam a2200289 i 4500 | ||
|---|---|---|---|
| 003 | DO-SdBNP | ||
| 005 | 20230720151017.0 | ||
| 006 | a||||gr|||| 00| 0 | ||
| 007 | ta | ||
| 008 | 230720e1996 dr a|||| |||| 00| 0 spa d | ||
| 040 |
_aDO-SdBNP _bspa _cBNPHU _erda |
||
| 082 | 4 |
_222 _bS232l |
|
| 100 | 1 |
_aSantana, Julián _937409 _eautor |
|
| 245 | 1 | 0 |
_aLógica y geometría moderna : _b2do. curso del bachillerato. / _cJulián Santana, Roberto Herrera; colaboradores, Alejandro Gutiérrez, Fernando Abréu |
| 264 | 4 |
_aSanto Domingo : _bGuadalupe Herrrera, _bRamón Herrera, _c1996 |
|
| 300 |
_a334 páginas : _bIlustraciones ; _c21 cm. |
||
| 336 |
_2rdacontent _atexto _btxt |
||
| 337 |
_2rdamedia _asin medición _bn |
||
| 338 |
_2rdacarrier _avolumen _bnc |
||
| 500 | _aEdición adaptado al Plan Decenal. | ||
| 500 | _aEste libro ha sido autorizado por Secretaría de Estado de Educación Bellas Artes y /cultos, como texto básico para el segundo de bachillerato, mediante oficio No. 6599 de fecha 26 de julio de 1985 y revaluado en agosto de 1994. | ||
| 590 | _aInventariado 2023 / MF | ||
| 700 | 1 |
_aRoberto, Herrera, _951944 _eautor |
|
| 700 | 1 |
_aGutierrez, Alejandro, _965226 _ecolaborador |
|
| 700 | 1 |
_aAbréu, Fernando, _ecolaborador _974364 |
|
| 942 |
_2ddc _cLBS1 |
||
| 999 |
_c54223 _d54223 |
||